000 00838nab a2200241u 4500
001 18288
003 HDC
007 c| |||a|c|aaaa
008 210225b20140829my ||||| |||| 00| 0 may d
040 _aHDC
100 _aSiti Nurazlinee Azmi /
_eauthor
_98263
245 0 _aProduk Bumiputera dapat ruang niaga /
_cSiti Nurazlinee Azmi
336 _atext
_2rdacontent
337 _acomputer
_2rdamedia
338 _aonline resource
_2rdacarrier
650 _aMinistry of International Trade and Industry (MITI)
_910721
650 _aPETRONAS Dagangan Berhad (PDB)
_917221
710 _aBERITA HARIAN
856 _zRequest full-text at [email protected]
942 _2lcc
942 _cNEWS
942 _kNWSC 005067
999 _c15604
_d15604